| Поле | Название | Значение |
| |
Тип записи |
a |
| |
Библиографический уровень |
m |
| 001 |
Контрольный номер |
RU/URAIT/585601 |
| 005 |
Дата корректировки |
20260429163606.6 |
| 008 |
Кодируемые данные |
260429s2026 RU y f j 000 0 rus u |
| 020 |
Индекс ISBN |
__ |
| a |
ISBN |
978-5-534-16017-8 |
| c |
Цена, тираж |
1479.00 |
| 040 |
Источник каталогиз. |
__ |
| a |
Служба первич. каталог. |
ИКО Юрайт |
| c |
Служба, преобразующая запись |
ИКО Юрайт |
| e |
Правила каталог. |
RCR |
| 041 |
Код языка издания |
__ |
| a |
Код языка текста |
rus |
| 044 |
Код страны публикации |
__ |
| a |
Код страны публикации |
RU |
| 080 |
Индекс УДК |
__ |
| a |
Индекс УДК |
651.012(075.32) |
| 084 |
Индекс другой классификации/Индекс ББК |
__ |
| 2 |
Источник индекса |
rubbk |
| a |
Индекс другой классификации/Индекс ББК |
60.844я723 |
| 100 |
Автор |
__ |
| a |
Автор |
Доронина Л. А. |
| q |
Полное имя |
Доронина Лариса Алексеевна |
| 245 |
Заглавие |
__ |
| a |
Заглавие |
Документационное обеспечение управления |
| b |
Продолж. заглавия |
учебник и практикум для спо |
| c |
Ответственность |
Л. А. Доронина, В. С. Иритикова. |
| 250 |
Сведения об издании |
__ |
| g |
|
пер. и доп |
| a |
Основные сведения об издании |
2-е изд. |
| 256 |
Характеристики компьютерного файла |
__ |
| a |
Характеристики компьютерного файла |
Электрон. дан. |
| 260 |
Выходные данные |
__ |
| a |
Место издания |
Москва |
| b |
Издательство |
Юрайт |
| c |
Дата издания |
2026 |
| 300 |
Физическое описание |
__ |
| a |
Объем |
270 с |
| 440 |
Серия |
__ |
| a |
Серия |
Профессиональное образование |
| 500 |
Примечания |
__ |
| a |
Примечание |
URL: https://urait.ru/bcode/585601 (дата обращения: 29.04.2026). |
| 520 |
Аннотация |
__ |
| a |
Аннотация |
В книге рассматривается современная концепция учебной дисциплины «Организация и технология документационного обеспечения управления», анализируются история развития технологии обработки документов и организация документооборота в России. Отдельные главы посвящены организации работы с поступающими, отправляемыми и внутренними документами, контролю за исполнением документов, регистрации документов и организации информационно-справочной работы по документам в условиях внедрения систем электронного документооборота, технологии оперативного хранения документов и вопросам подготовки документов для передачи на архивное хранение. Содержание учебника соответствует актуальным требованиям Федерального государственного образовательного стандарта высшего образования. |
| 538 |
Прим. о системных особенностях |
__ |
| a |
Прим. о системных особенностях |
Режим доступа: Электронно-библиотечная система Юрайт, для авториз. пользователей |
| 653 |
Ключевые слова |
__ |
| a |
Ключевые слова |
Документоведение и делопроизводство |
| 653 |
Ключевые слова |
__ |
| a |
Ключевые слова |
Менеджмент |
| 653 |
Ключевые слова |
__ |
| a |
Ключевые слова |
Документационное обеспечение управления |
| 653 |
Ключевые слова |
__ |
| a |
Ключевые слова |
Делопроизводство в кадровой службе |
| 653 |
Ключевые слова |
__ |
| a |
Ключевые слова |
Документоведение |
| 653 |
Ключевые слова |
__ |
| a |
Ключевые слова |
Основы делопроизводства |
| 653 |
Ключевые слова |
__ |
| a |
Ключевые слова |
Делопроизводство |
| 653 |
Ключевые слова |
__ |
| a |
Ключевые слова |
Документационное обеспечение управления персоналом |
| 653 |
Ключевые слова |
__ |
| a |
Ключевые слова |
Ведение конфиденциального делопроизводства |
| 653 |
Ключевые слова |
__ |
| a |
Ключевые слова |
Документационное обеспечение профессиональной деятельности |
| 653 |
Ключевые слова |
__ |
| a |
Ключевые слова |
Правовые основы деятельности организации с основами делопроизводства |
| 653 |
Ключевые слова |
__ |
| a |
Ключевые слова |
Документационное обеспечение деятельности организации |
| 653 |
Ключевые слова |
__ |
| a |
Ключевые слова |
Организация документационного обеспечения управления и функционирования организации |
| 653 |
Ключевые слова |
__ |
| a |
Ключевые слова |
Основы документационного обслуживания управления |
| 653 |
Ключевые слова |
__ |
| a |
Ключевые слова |
Документационно-правовое обеспечение профессиональной деятельности |
| 653 |
Ключевые слова |
__ |
| a |
Ключевые слова |
Проектирование документационного обеспечения и документооборота системы менеджмента качества |
| 653 |
Ключевые слова |
__ |
| a |
Ключевые слова |
Кадровое делопроизводство |
| 653 |
Ключевые слова |
__ |
| a |
Ключевые слова |
Документационное обеспечение |
| 653 |
Ключевые слова |
__ |
| a |
Ключевые слова |
Делопроизводство и документоведение |
| 653 |
Ключевые слова |
__ |
| a |
Ключевые слова |
Документоведение и делопроизводство |
| 653 |
Ключевые слова |
__ |
| a |
Ключевые слова |
Введение в документоведение |
| 653 |
Ключевые слова |
__ |
| a |
Ключевые слова |
Основы документоведения |
| 653 |
Ключевые слова |
__ |
| a |
Ключевые слова |
Организация архивного хранения документов и баз данных |
| 653 |
Ключевые слова |
__ |
| a |
Ключевые слова |
Осуществление организационного и документационного обеспечения деятельности организации |
| 653 |
Ключевые слова |
__ |
| a |
Ключевые слова |
Основы документоведения и делопроизводства в социальной работе |
| 653 |
Ключевые слова |
__ |
| a |
Ключевые слова |
Документирование управленческой деятельности и организация работы с документами |
| 653 |
Ключевые слова |
__ |
| a |
Ключевые слова |
Организация текущего хранения документов и подготовка дел для передачи в архив |
| 653 |
Ключевые слова |
__ |
| a |
Ключевые слова |
Обеспечение защиты, целостности и сохранности структурированных данных и метаданных документированных сфер деятельности |
| 653 |
Ключевые слова |
__ |
| a |
Ключевые слова |
Технологическое сопровождение цифровизации систем документации |
| 700 |
Другие авторы |
__ |
| a |
Другие авторы |
Иритикова В. С. |
| q |
Полное имя |
Иритикова Вера Степановна |
| 856 |
Электронный адрес документа |
40 |
| n |
Местонахождение сервера |
Юрайт |
| g |
|
Электронная книга |
| q |
Тип электронного формата |
html |
| h |
Имя пользователя |
ЮРАЙТ |
| v |
Часы доступа к ресурсу |
20271231 |
| 2 |
Способ доступа |
Показать документ |
| x |
Служебное примечание |
https://urait.ru/book/cover/2265007C-AE22-4629-A1EC-2E94CFBBDFD9 |
| u |
URL |
https://urait.ru/bcode/585601 |
| 856 |
Электронный адрес документа |
48 |
| q |
Тип электронного формата |
cover |
| u |
URL |
https://urait.ru/book/cover/2265007C-AE22-4629-A1EC-2E94CFBBDFD9 |
| 911 |
|
__ |
| u |
|
0030=https://urait.ru/bcode/585601 |
| 911 |
|
__ |
| u |
|
073a=9785534160178 |
| u |
|
073d=1479.00 |
| 911 |
|
__ |
| u |
|
106a=s |
| 911 |
|
__ |
| u |
|
900l= |
| 952 |
Тип литературы |
__ |
| i |
Дисциплина |
Документационное обеспечение управления |
| 952 |
Тип литературы |
__ |
| i |
Дисциплина |
Делопроизводство в кадровой службе |
| 952 |
Тип литературы |
__ |
| i |
Дисциплина |
Документоведение |
| 952 |
Тип литературы |
__ |
| i |
Дисциплина |
Основы делопроизводства |
| 952 |
Тип литературы |
__ |
| i |
Дисциплина |
Делопроизводство |
| 952 |
Тип литературы |
__ |
| i |
Дисциплина |
Документационное обеспечение управления персоналом |
| 952 |
Тип литературы |
__ |
| i |
Дисциплина |
Ведение конфиденциального делопроизводства |
| 952 |
Тип литературы |
__ |
| i |
Дисциплина |
Документационное обеспечение профессиональной деятельности |
| 952 |
Тип литературы |
__ |
| i |
Дисциплина |
Правовые основы деятельности организации с основами делопроизводства |
| 952 |
Тип литературы |
__ |
| i |
Дисциплина |
Документационное обеспечение деятельности организации |
| 952 |
Тип литературы |
__ |
| i |
Дисциплина |
Организация документационного обеспечения управления и функционирования организации |
| 952 |
Тип литературы |
__ |
| i |
Дисциплина |
Основы документационного обслуживания управления |
| 952 |
Тип литературы |
__ |
| i |
Дисциплина |
Документационно-правовое обеспечение профессиональной деятельности |
| 952 |
Тип литературы |
__ |
| i |
Дисциплина |
Проектирование документационного обеспечения и документооборота системы менеджмента качества |
| 952 |
Тип литературы |
__ |
| i |
Дисциплина |
Кадровое делопроизводство |
| 952 |
Тип литературы |
__ |
| i |
Дисциплина |
Документационное обеспечение |
| 952 |
Тип литературы |
__ |
| i |
Дисциплина |
Делопроизводство и документоведение |
| 952 |
Тип литературы |
__ |
| i |
Дисциплина |
Документоведение и делопроизводство |
| 952 |
Тип литературы |
__ |
| i |
Дисциплина |
Введение в документоведение |
| 952 |
Тип литературы |
__ |
| i |
Дисциплина |
Основы документоведения |
| 952 |
Тип литературы |
__ |
| i |
Дисциплина |
Организация архивного хранения документов и баз данных |
| 952 |
Тип литературы |
__ |
| i |
Дисциплина |
Осуществление организационного и документационного обеспечения деятельности организации |
| 952 |
Тип литературы |
__ |
| i |
Дисциплина |
Основы документоведения и делопроизводства в социальной работе |
| 952 |
Тип литературы |
__ |
| i |
Дисциплина |
Документирование управленческой деятельности и организация работы с документами |
| 952 |
Тип литературы |
__ |
| i |
Дисциплина |
Организация текущего хранения документов и подготовка дел для передачи в архив |
| 952 |
Тип литературы |
__ |
| i |
Дисциплина |
Обеспечение защиты, целостности и сохранности структурированных данных и метаданных документированных сфер деятельности |
| 952 |
Тип литературы |
__ |
| i |
Дисциплина |
Технологическое сопровождение цифровизации систем документации |